000 00679nam a22001817a 4500
003 UA-OsUOA
001 9024
007 ta
008 20041012b un ||||| |||| 00| 0 ukr d
100 _aМатвійчук М.
942 _cSA
040 _aUA-OsUOA
_cUA-OsUOA
_dUA-OsUOA
245 _aНова орбіта Миколи Островського
_b[Про письменника-земляка з Острожчини М. Островського, якому виповнилося 100 р. від дня народж.]
300 _aС.6
955 _a0
773 0 _w0
_tВільне слово
_dРівне
_d2004
_g№75/6 жовт./
650 7 _aОстровський М.
_2UDC
999 _c295185
_d295185